000 00285nam a2200121Ia 4500
100 _aMachinability Data Center
942 _cBK
654 _ahandbook
245 _aMachining Data Hand book
260 _bMetcut Research Association
_aOhio
_c1972
082 _a621.8
546 _aENGLISH
999 _c33090
_d33090